| 000 | 01276nam a2200229Ia 4500 | ||
|---|---|---|---|
| 999 |
_c38457 _d38457 |
||
| 001 | 4469 | ||
| 003 | GE_BSU | ||
| 005 | 20190517193116.0 | ||
| 008 | 181216s1982|||| |||||||||||||| ||geo|| | ||
| 040 | _cGE_BSU | ||
| 041 | _ageo | ||
| 080 | _a53(076.1) მ–50 | ||
| 245 |
_aმეთოდური მითითებები ამოცანებისა და მაგალითების ამოსახსნელად კვანტურ მექანიკაში / _cშემდგ : ვ.კოტეტიშვილი ; ა.ენუქიძე ; რედ : ე.გიორგაძე. |
||
| 264 |
_aთბილისი : _bსპი, _c1982. |
||
| 300 |
_a41 გვ .: _c20 სმ. |
||
| 653 | _aმეთოდური მითითებები ამოცანებისა და მაგალითების ამოსახსნელად კვანტურ მექანიკაში. | ||
| 653 | _aფიზიკა | ||
| 700 |
_aკოტეტიშვილი, ვ _eშემდგენელი _91354 |
||
| 700 |
_aენუქიძე, ა _eშემდგენელი _91355 |
||
| 700 |
_aგიორგაძე, ე _eრედაქტორი _9398 |
||
| 942 |
_cBK _2udc |
||